Les français passés par Manchester United - Statistiques

Statistiques générales
  • Ce quiz a été pris 232 fois
  • Le résultat moyen est 6 sur 10
Statistiques - réponses
Hint Réponse % Correct
1 Patrice Evra
89%
4 Paul Pogba
85%
3 Anthony Martial
84%
5 Eric Cantona
79%
8 Raphael Varane
72%
6 Fabien Barthez
59%
9 Laurent Blanc
47%
2 Mikael Silvestre
39%
10 Morgan Schneiderlin
39%
7 Louis Saha
35%
Aucun quiz correspondant
Distribution des résultats
% des personnes avec chaque résultat
Percentile par nombre de réponses
Votre historique - résultats
Vous n’avez pas pris ce quiz